<?xml version="1.0" encoding="UTF-8"?>
<record
    xmlns:xsi="http://www.w3.org/2001/XMLSchema-instance"
    xsi:schemaLocation="http://www.loc.gov/MARC21/slim http://www.loc.gov/standards/marcxml/schema/MARC21slim.xsd"
    xmlns="http://www.loc.gov/MARC21/slim">

  <leader>00671nam a22001577a 4500</leader>
  <controlfield tag="003">OSt</controlfield>
  <controlfield tag="005">20151108151159.0</controlfield>
  <controlfield tag="008">151108b        xxu||||| |||| 00| 0 eng d</controlfield>
  <datafield tag="040" ind1=" " ind2=" ">
    <subfield code="c">RUA</subfield>
  </datafield>
  <datafield tag="082" ind1=" " ind2=" ">
    <subfield code="a">FOR Y 2003 B129 Or.1</subfield>
  </datafield>
  <datafield tag="100" ind1=" " ind2=" ">
    <subfield code="9">3486</subfield>
    <subfield code="a">Y, MENG LEANG.</subfield>
  </datafield>
  <datafield tag="245" ind1=" " ind2=" ">
    <subfield code="a">The management of kbak chai watershed for watersupply source reservation sihanouk ville, &#x1780;&#x17B6;&#x179A;&#x1782;&#x17D2;&#x179A;&#x1794;&#x17CB;&#x1782;&#x17D2;&#x179A;&#x1784;&#x1791;&#x17B8;&#x1787;&#x17C6;&#x179A;&#x17B6;&#x179B;&#x1791;&#x1793;&#x1794;&#x17CB;&#x1780;&#x17D2;&#x1794;&#x17B6;&#x179B;&#x1786;&#x17B6;&#x1799;&#x1780;&#x17D2;&#x179A;&#x17BB;&#x1784;&#x1796;&#x17D2;&#x179A;&#x17C7;&#x179F;&#x17B8;&#x17A0;&#x1793;&#x17BB;&#x178A;&#x17BE;&#x1798;&#x17D2;&#x1794;&#x17B8;&#x179A;&#x1780;&#x17D2;&#x179F;&#x17B6;&#x1794;&#x17D2;&#x179A;&#x1797;&#x1796;&#x1795;&#x17D2;&#x1782;&#x178F;&#x17CB;&#x1795;&#x17D2;&#x1782;&#x1784;&#x1791;&#x17B9;&#x1780;</subfield>
  </datafield>
  <datafield tag="260" ind1=" " ind2=" ">
    <subfield code="a">Phnom Penh</subfield>
    <subfield code="b">RUA</subfield>
    <subfield code="c">2003</subfield>
  </datafield>
  <datafield tag="300" ind1=" " ind2=" ">
    <subfield code="a">vi; 60p.</subfield>
    <subfield code="b">ill.</subfield>
    <subfield code="c">29cm.</subfield>
  </datafield>
  <datafield tag="942" ind1=" " ind2=" ">
    <subfield code="2">ddc</subfield>
    <subfield code="c">FOR</subfield>
  </datafield>
  <datafield tag="999" ind1=" " ind2=" ">
    <subfield code="c">3252</subfield>
    <subfield code="d">3252</subfield>
  </datafield>
  <datafield tag="952" ind1=" " ind2=" ">
    <subfield code="0">0</subfield>
    <subfield code="1">0</subfield>
    <subfield code="2">ddc</subfield>
    <subfield code="4">0</subfield>
    <subfield code="6">FOR_Y_2003_000000000000000_B129_OR_1</subfield>
    <subfield code="7">0</subfield>
    <subfield code="9">15252</subfield>
    <subfield code="a">LBB</subfield>
    <subfield code="b">LBB</subfield>
    <subfield code="c">B129</subfield>
    <subfield code="d">2015-11-08</subfield>
    <subfield code="o">FOR Y 2003 B129 Or.1</subfield>
    <subfield code="p">RUA026924</subfield>
    <subfield code="r">2015-11-08</subfield>
    <subfield code="w">2015-11-08</subfield>
    <subfield code="y">FOR</subfield>
  </datafield>
  <datafield tag="952" ind1=" " ind2=" ">
    <subfield code="0">0</subfield>
    <subfield code="1">0</subfield>
    <subfield code="2">ddc</subfield>
    <subfield code="4">0</subfield>
    <subfield code="6">FOR_Y_2003_000000000000000_B129_OR_2</subfield>
    <subfield code="7">0</subfield>
    <subfield code="9">15253</subfield>
    <subfield code="a">LBB</subfield>
    <subfield code="b">LBB</subfield>
    <subfield code="c">B129</subfield>
    <subfield code="d">2015-11-08</subfield>
    <subfield code="o">FOR Y 2003 B129 Or.2</subfield>
    <subfield code="p">RUA026570</subfield>
    <subfield code="r">2015-11-08</subfield>
    <subfield code="w">2015-11-08</subfield>
    <subfield code="y">FOR</subfield>
  </datafield>
  <datafield tag="952" ind1=" " ind2=" ">
    <subfield code="0">0</subfield>
    <subfield code="1">0</subfield>
    <subfield code="2">ddc</subfield>
    <subfield code="4">0</subfield>
    <subfield code="6">FOR_Y_2003_000000000000000_B129_OR_3</subfield>
    <subfield code="7">0</subfield>
    <subfield code="9">15254</subfield>
    <subfield code="a">LBB</subfield>
    <subfield code="b">LBB</subfield>
    <subfield code="c">B129</subfield>
    <subfield code="d">2015-11-08</subfield>
    <subfield code="o">FOR Y 2003 B129 Or.3</subfield>
    <subfield code="p">RUA028104</subfield>
    <subfield code="r">2015-11-08</subfield>
    <subfield code="w">2015-11-08</subfield>
    <subfield code="y">FOR</subfield>
  </datafield>
</record>
